Ludzie - prawdziwi czy fikcyjni? - Statystyki

Ogólne statystyki
  • Ten quiz został rozwiązany 4 794 razy
    4 791 od ostatniego zresetowania
  • Średni wynik to 11 z 15
Statystyki odpowiedzi
Zagadnienie Odpowiedź % Poprawnych
Kleopatra Prawdziwy
93%
Forrest Gump Fikcyjny
88%
Rasputin Prawdziwy
87%
Amazońscy łowcy głów, którzy zabijali ludzi i krępowali im głowy Prawdziwy
86%
Tarzan Fikcyjny
85%
Zorro Fikcyjny
80%
Sherlock Holmes Fikcyjny
77%
Wład Palownik Prawdziwy
75%
Spartakus Prawdziwy
75%
Atticus Finch Fikcyjny
68%
Ryszard Lwie Serce Prawdziwy
67%
Długi John Silver Fikcyjny
63%
Hamlet, książę Danii Fikcyjny
54%
Johnny Appleseed Prawdziwy
46%
Lawrence z Arabii Prawdziwy
46%
Nie znaleziono quizów pasujących do podanych kryteriów
Rozkład punktacji
Procent ludzi z każdym wynikiem
Percentyl według liczby udzielonych odpowiedzi
Twoja historia wyników
Nie rozwiązałeś tego quizu od ostatniego zresetowania